| 000 | 00523nam a22001817a 4500 | ||
|---|---|---|---|
| 999 |
_c160379 _d160379 |
||
| 005 | 20190128142422.0 | ||
| 010 | _aENG-124660 | ||
| 020 |
_a9789350578780 _c250.00 |
||
| 035 | _aEN-108192 | ||
| 037 | _bDBAD/PUB | ||
| 082 | _a005.5 | ||
| 100 | _aBittu Kumar | ||
| 245 |
_aMastering MS office/ _cby Bittu Kumar |
||
| 260 |
_aNew Delhi _bV & S Publishers _c2017 |
||
| 270 |
_aF-2/16, Ansari Road, Daryaganj, _bNew Delhi _e110002 |
||
| 300 |
_a118p. _c25cm.(pbk) _bill. |
||
| 942 |
_2ddc _cEN _mBIT _h005.5 |
||